| 000 | 00488nam a22001697a 4500 | ||
|---|---|---|---|
| 003 | BD-DhUL | ||
| 005 | 20180913122605.0 | ||
| 008 | 180913s1947 ii ||||| |||| 00| 0 urd d | ||
| 040 |
_aBD-DhUL _cBD-DhUL |
||
| 082 |
_a891.431 _bABR |
||
| 100 | 0 | _aعبد الجلیل | |
| 245 | 1 |
_aروح اکبر / _cعبد الجلیل |
|
| 260 |
_aبنگلور : _bسنٹرل پبلشنگ ھاؤس، _c۱۹۴۷۔ |
||
| 300 |
_aص۔ ۱۳۰ ؛ _c۱۸ سم۔ |
||
| 650 | 4 | _aUrdu poetry | |
| 942 |
_2ddc _cBK |
||
| 999 |
_c243451 _d243451 |
||